000 00716nam a2200253Ia 4500
008 160621s9999 xx 000 0 und d
020 _a978-1-118-09794-6
050 _aComSc HD 69
050 _b.P75M37 2013
100 _aMarchewka, Jack T.
245 _aInformation technology project management /
245 _cJack T. Marchewka.
260 _aEngland :
260 _bJohn Wiley & Sons, Inc.,
260 _c2013
300 _a456 pages :
300 _billustrations ;
300 _c25 cm.
500 _aIncludes index.
650 _aInformation technology -- Management.
650 _aMicrosoft Project.
650 _xProject management -- Computer programs.
650 _xProject management.
999 _c296159
_d296159